Primer documento del proyecto eoloeléctrico corredor eólico del Istmo de Tehuantepec /

Se presenta una síntesis del desarrollo eoloeléctrico en el mundo y las principales estrategias que han venido aplicando los países industrializados durante los últimos 20 años para lograr el desarrollo tecnológico en materia de generación eoloeléctrica. Así mismo se integran las actividades desarro...

Cijeli opis

Spremljeno u:
Bibliografski detalji
Glavni autor: Borja Díaz, Marco Antonio (autor)
Daljnji autori: Jaramillo Salgado, Oscar A. (autor) (autor), Mimiaga Sosa, Fernando (autor) (autor)
Format: Knjiga
Jezik:španjolski
Izdano: México : Instituto de Investigaciones Eléctricas, 2005, c2005
Teme:
Oznake: Dodaj oznaku
Bez oznaka, Budi prvi tko označuje ovaj zapis!

MARC

LEADER 00000nam^a2200000^a^4500
001 000185933
005 20250521000000.0
009 20260310102209.094
020 |a 968-6114-19-X 
037 |a Acervo ITESO - Biblioteca 
041 |a ESP 
082 |a 621. 312136  |b BOR 
100 |a Borja Díaz, Marco Antonio  |e (autor) 
245 1 0 |a Primer documento del proyecto eoloeléctrico corredor eólico del Istmo de Tehuantepec /  |c M.A. Borja Díaz, O.A. Jaramillo Salgado, F. Mimiaga Sosa ; pról. de Angel Fierros Palacios. 
264 4 |a México :  |b Instituto de Investigaciones Eléctricas,  |c 2005, c2005 
300 |a III, V, 201 p. 
336 |a texto  |b txt  |2 rdacontenido 
337 |a sin mediación  |b n  |2 rdamedio 
338 |a volumen  |b nc  |2 rdasoporte 
520 |a Se presenta una síntesis del desarrollo eoloeléctrico en el mundo y las principales estrategias que han venido aplicando los países industrializados durante los últimos 20 años para lograr el desarrollo tecnológico en materia de generación eoloeléctrica. Así mismo se integran las actividades desarrolladas en la materia por el gobierno de Oaxaca de 2000 a 2004 para un proyecto en esta entidad federativa. 
649 |a XX 
650 |a Centrales Eólicas -  |z Oaxaca -  |x Tema Principal 
650 |a Centrales Eólicas -  |z México 
650 |a Energía Eólica 
650 |a Centrales Eléctricas -  |z México 
650 |a Recursos Energéticos Renovables 
650 |a Ingeniería Eléctrica 
700 |a Jaramillo Salgado, Oscar A.  |e (autor) 
700 |a Mimiaga Sosa, Fernando  |e (autor) 
910 |a Fondo General 
920 |a Impresos - Libros 
930 |a Colección General 
905 |a 101 
901 |a 0500127467  |b IT1  |c ACC  |u 20250521 
901 |a 0500127441  |b IT1  |c ACC  |u 20250521 
901 |a 0500127444  |b IT1  |c ACC  |u 20250521 
901 |a 0500127447  |b IT1  |c ACC  |u 20250521 
902 |a https://opac.biblio.iteso.mx/vufind/Record/000185933